<The> dollarization debate
Salvato in:
| Altri autori: | , , |
|---|---|
| Natura: | Libro |
| Lingua: | inglese |
| Pubblicazione: |
New York
Oxford University Press
2003
|
| Soggetti: | |
| Tags: |
Nessun Tag, puoi essere il primo ad aggiungerne!!
|
MARC
| LEADER | 00000nam a2200000 4500 | ||
|---|---|---|---|
| 001 | 0224847 | ||
| 005 | 20240315115209.3 | ||
| 020 | |a 978-0-19-515536-5 | ||
| 041 | 0 | |a eng | |
| 044 | |a US | ||
| 245 | 1 | 0 | |a <The> dollarization debate |c edited by: Dominick Salvatore, James W. Dean, Thomas D. Willett |
| 264 | 1 | |a New York |b Oxford University Press |c 2003 | |
| 300 | |a 476 s. | ||
| 610 | 2 | 0 | |a peniaze |
| 610 | 2 | 0 | |a mena |
| 610 | 2 | 0 | |a kurz výmenný |
| 610 | 2 | 0 | |a politika peňažná |
| 610 | 2 | 0 | |a reformy peňažné |
| 610 | 2 | 0 | |a dolár |
| 610 | 2 | 0 | |a dolarizácia |
| 610 | 2 | 0 | |a únie menové |
| 610 | 2 | 0 | |a integrácia menová |
| 610 | 2 | 0 | |a Amerika |
| 610 | 2 | 0 | |a Latinská Amerika |
| 700 | 1 | |a Salvatore, Dominick | |
| 700 | 1 | |a Dean, James W. | |
| 700 | 1 | |a Willett, Thomas D. | |